|
|
|
|
| LEADER |
00000nam a2200000 4500 |
| 001 |
vtls012235288 |
| 003 |
SK-MaSNL |
| 005 |
20260302074121.0 |
| 008 |
230719t1784 sz r 00| 0 fre |
| 015 |
|
|
|a SNBHFA1784
|
| 040 |
|
|
|a SNKHF
|b slo
|c SNK
|e rda
|
| 041 |
|
|
|a fre
|
| 044 |
|
|
|a sz
|c CH
|
| 072 |
|
7 |
|a 82.0
|x Literatúra (teória)
|2 konspekt
|
| 080 |
|
|
|a 82(091)
|2 2011
|
| 100 |
1 |
|
|a Landi, Giuseppe Antonio,
|d 1708-1791
|4 aut
|9 355296
|
| 245 |
1 |
0 |
|a Histoire De La Littérature D'Italie,
|b Tirée de l'Italien de Mr. Tiraboschi, Et Abrégée Par Antoine Landi. Conseiller & Poëte de la cour Prusse, & Académicien Florentin
|n Tome Second
|
| 264 |
|
3 |
|a Berne
|b [tlačiar nie je známy]
|c M.DCC.LXXXIV. (1784)
|
| 300 |
|
|
|a 365 strán
|c 21 cm
|
| 336 |
|
|
|a text
|b txt
|2 rdacontent
|
| 337 |
|
|
|a bez média
|b n
|2 rdamedia
|
| 338 |
|
|
|a zväzok
|b nc
|2 rdacarier
|
| 500 |
|
|
|a Kustódy, ilustrovaný titulný list, ozdobné linky
|
| 504 |
|
|
|a Tlačené vysvetlivky a komentáre pod textom, tlačené marginálie
|
| 563 |
|
|
|a Väzba pôvodná, kožená.
|5 SNK IC 145730/2
|
| 650 |
0 |
7 |
|a literárna história
|2 SNKPH
|9 1136
|
| 700 |
1 |
|
|a Tiraboschi, Girolamo,
|d 1731-1794
|4 red
|9 355297
|
| 752 |
|
|
|a Švajčiarsko
|d Bern
|
| 852 |
|
|
|a snk
|b Aponiovská knižnica
|p IC 145730/2
|
| 958 |
|
|
|a DD
|
| 958 |
|
|
|a ONDV
|
| 999 |
|
|
|c 1163765
|d 1165695
|
| 952 |
|
|
|t Op. III/2
|a SNK
|b SNK
|c SNK_HF
|y PREZ
|7 0
|p 17A1484676
|o snkIC 145730/2
|i snk2023/11131
|8 5
|0 0
|1 0
|4 0
|d 2023-07-19
|l 0
|r 2026-02-24 20:41:09
|w 2026-02-24
|